ˆ"‰Здоровая деревня", серия. Вып. 9: Спорынья и какой от нее вред (Запись № 13571568)

Подробности
000 -МАРКЕР
контрольное поле 00799nam2a2200229 4500
001 - ИДЕНТИФИКАТОР ЗАПИСИ
контрольное поле rc\2830065
005 - ИДЕНТИФИКАТОР ВЕРСИИ
контрольное поле 20260315045054.0
035 ## - ДРУГИЕ СИСТЕМНЫЕ НОМЕРА
Идентификатор записи (NLR Aleph) 006988055
100 ## - ДАННЫЕ ОБЩЕЙ ОБРАБОТКИ
Данные общей обработки 20110624d1930 u y0rusy50 ca
101 0# - ЯЗЫК РЕСУРСА
Язык текста, звукозаписи и т.д. русский
102 ## - СТРАНА ПУБЛИКАЦИИ ИЛИ ПРОИЗВОДСТВА
Страна публикации российская федерация
105 ## - ПОЛЕ КОДИРОВАННЫХ ДАННЫХ: ТЕКСТОВЫЕ МАТЕРИАЛЫ, МОНОГРАФИЧЕСКИЕ
Кодированные данные о монографическом текстовом документе y z |||||
200 1# - ЗАГЛАВИЕ И СВЕДЕНИЯ ОБ ОТВЕТСТВЕННОСТИ
Основное заглавие Спорынья и какой от нее вред
210 ## - ПУБЛИКАЦИЯ, РАСПРОСТРАНЕНИЕ И ДР.
Дата издания, распространения и т.д. 1930
461 #0 - УРОВЕНЬ НАБОРА
Встроенное поле 001rc\2830061
-- 2001#$aˆ"‰Здоровая деревня", серия$eВып. 2 -$vВып. 9
Системный номер (АБИС) связанной записи 5598746
Место публикации Москва
Дата публикации 1929
Издание 3-е изд.
Имя издателя, распространителя и т.д. Гос. мед. изд-во
Сведения, относящиеся к заглавию Вып. 2 -
Заглавие ˆ"‰Здоровая деревня", серия
Номер тома Вып. 9
700 #1 - ИМЯ ЛИЦА - ПЕРВИЧНАЯ ОТВЕТСТВЕННОСТЬ
Начальный элемент ввода Бархан
Часть имени, кроме начального элемента ввода Э.М.
801 #0 - ИСТОЧНИК ЗАПИСИ
Страна российская федерация
Организация NLR
Правила каталогизации psbo
801 #1 - ИСТОЧНИК ЗАПИСИ
Страна российская федерация
Организация ELAR
Источник данных rusmarc
852 ## - МЕСТОНАХОЖДЕНИЕ И ШИФР ХРАНЕНИЯ
Идентификатор организации NLR
Шифр хранения (Call Number) 61/2634(9)
942 ## - ДОПОЛНИТЕЛЬНЫЕ ЭЛЕМЕНТЫ ЗАПИСИ (АБИС)
Тип экземпляра АБИС Неопределено
980 ## - КОЛЛЕКЦИЯ
Название коллекции Национальная библиография

Нет доступных экземпляров.